[Event "XVII MetLife Najdorf Open 2017"]
[Site "Warsaw"]
[Date "2017.07.11"]
[Round "3.72"]
[White "Kukawski, Maciej"]
[Black "Fieberg, Samuel"]
[Result "0-1"]
[WhiteElo "2285"]
[BlackElo "2169"]
[Annotator "ChessBase"]
[PlyCount "54"]
[EventDate "2017.??.??"]
[EventType "swiss"]
[EventCountry "POL"]
[SourceTitle "playchess.com"]
[Source "ChessBase"]
[SourceQuality "1"]
[TimeControl "40/5400+30:1800+30"]

1. e4 c5 2. c3 Nf6 3. e5 Nd5 4. Nf3 Nc6 5. Bc4 Nb6 6. Bb3 d5 7. exd6 c4 8. Bc2 e5 9. Qe2 Bxd6 10. b3 cxb3 11. axb3 O-O 12. O-O Bg4 13. b4 a6 14. b5 axb5 15. Rxa8 Nxa8 16. h3 Bh5 17. g4 Bg6 18. Bxg6 hxg6 19. Re1 Qa5 20. d4 exd4 21. cxd4 Nc7 22. Qb2 Rd8 23. Nbd2 Bf8 24. Nb3 Qb4 25. Bd2 Qc4 26. Na5 Qd5 27. Kg2 Ne6 0-1

[Event "XVII MetLife Najdorf Open 2017"]
[Site "Warsaw"]
[Date "2017.07.11"]
[Round "3.73"]
[White "Paramzina, Anastasya"]
[Black "AlHuwar, Jasem"]
[Result "0-1"]
[WhiteElo "2166"]
[BlackElo "2275"]
[Annotator "ChessBase"]
[PlyCount "62"]
[EventDate "2017.??.??"]
[EventType "swiss"]
[EventCountry "POL"]
[SourceTitle "playchess.com"]
[Source "ChessBase"]
[SourceQuality "1"]
[TimeControl "40/5400+30:1800+30"]

1. e4 g6 2. d4 Bg7 3. Nc3 d6 4. Be3 c6 5. Qd2 Nd7 6. h4 h5 7. O-O-O b5 8. f3 Qa5 9. Kb1 Nb6 10. Nce2 Qa6 11. Nf4 Nc4 12. Bxc4 bxc4 13. Qb4 Qb5 14. Qxb5 cxb5 15. Ngh3 e6 16. Ng5 Ne7 17. d5 e5 18. Ne2 Bd7 19. b3 O-O 20. Rhg1 Rfc8 21. g4 hxg4 22. fxg4 cxb3 23. cxb3 b4 24. Rdf1 f6 25. Ne6 Bb5 26. Rf2 Bd3+ 27. Ka1 Bxe4 28. h5 Nxd5 29. Bd2 Rc2 30. Ng3 Bd3 31. Rc1 Rac8 0-1

[Event "XVII MetLife Najdorf Open 2017"]
[Site "Warsaw"]
[Date "2017.07.12"]
[Round "4.1"]
[White "Indjic, Aleksandar"]
[Black "Jumabayev, Rinat"]
[Result "1/2-1/2"]
[WhiteElo "2575"]
[BlackElo "2620"]
[Annotator "TA"]
[PlyCount "83"]
[EventDate "2017.??.??"]
[EventType "swiss"]
[EventCountry "POL"]
[SourceTitle "playchess.com"]
[Source "ChessBase"]
[SourceQuality "1"]

{[%evp 22,83,9,25,29,3,21,7,12,19,74,80,56,39,65,0,80,96,115,84,89,44,32,36,70,55,70,20,26,0,19,0,0,0,0,-39,0,0,0,0,0,0,0,0,0,0,0,0,0,0,0,0,0,0,0,0,0,0,0,0,0,0,0,0]} 1. d4 Nf6 2. c4 g6 3. Nc3 d5 4. Nf3 Bg7 5. Qb3 dxc4 6. Qxc4 O-O 7. e4 Na6 8. e5 Nd7 9. e6 fxe6 10. Be3 {D97: Grünfeld: Russian System: 7 e4, replies other than 7...Bg4} Nb6 11. Qb3 Nd5 12. Bxa6 {LiveBook: 3 Games} bxa6 13. O-O Qd6 14. Nxd5 $146 ({Predecessor:} 14. Rac1 Bb7 15. Ne4 Qb6 16. Nc5 Qxb3 17. axb3 Nxe3 18. fxe3 Bxf3 19. gxf3 {½-½ (38) Nylander,E (2491)-Gburek,J (2394) ICCF email 2009}) 14... exd5 15. Rac1 Rxf3 (15... Bd7 $11) 16. gxf3 $16 {And now Rxc7! would win.} c6 17. Rfe1 $36 {[%mdl 2048] White fights for an advantage.} Bd7 18. Bg5 (18. Rcd1 $14) 18... e6 (18... Bxd4 $11 {remains equal.} 19. Rxe7 h6 20. Rxd7 Qxd7 21. Bxh6 Kh7) 19. Qe3 Qb4 20. Red1 Rf8 21. Rxc6 (21. Bf4 {is interesting.} a5 22. b3 Rf5 23. Be5 Bxe5 24. dxe5 a6 25. Kg2) 21... Bxc6 22. Qxe6+ Kh8 {[#] Hoping for ...Qb5.} 23. Qxc6 Qb5 24. Qxb5 axb5 $14 {[%mdl 4096] Endgame KRB-KRB} 25. Rd3 Rc8 26. Be3 (26. Rb3 {seems wilder.} a6 27. a4 bxa4 28. Rb4 Kg8 29. Rxa4 Rc4 30. Rxa6 Bxd4 31. Rd6) 26... a5 27. Bd2 (27. Kf1 {looks sharper.} Rc2 28. Rc3 Rxc3 29. bxc3 Bf6 30. Ke2) 27... a4 28. Bb4 Rc2 29. Rc3 {The position is equal.} Rxc3 30. bxc3 $11 {KB-KB} Bh6 31. Kg2 Bf4 32. Kh3 Kg7 33. Kg2 Kf6 34. h3 Kf5 35. Kf1 Bc7 36. Kg2 Kf4 37. Ba3 $1 Ba5 38. Bc1+ Kf5 39. Bd2 Bc7 40. Kf1 Bf4 41. Be3 $1 Bd6 42. Bd2 {Precision: White = 55%, Black = 61%.} 1/2-1/2

[Event "XVII MetLife Najdorf Open 2017"]
[Site "Warsaw"]
[Date "2017.07.12"]
[Round "4.2"]
[White "Sadzikowski, Daniel"]
[Black "Tomczak, Jacek"]
[Result "1/2-1/2"]
[WhiteElo "2563"]
[BlackElo "2596"]
[Annotator "TA"]
[PlyCount "61"]
[EventDate "2017.??.??"]
[EventType "swiss"]
[EventCountry "POL"]
[SourceTitle "playchess.com"]
[Source "ChessBase"]
[SourceQuality "1"]

{[%evp 20,61,16,13,35,41,54,53,47,49,56,57,77,43,56,33,53,12,41,37,48,20,15,22,38,31,34,16,14,27,18,0,13,9,9,0,6,0,0,0,18,0,0,0]} 1. d4 Nf6 2. c4 e6 3. Nc3 Bb4 4. Qc2 d5 5. cxd5 Qxd5 6. e3 c5 7. Bd2 Bxc3 8. Bxc3 cxd4 9. Bxd4 Nc6 10. Bc3 O-O {E34: Nimzo-Indian: Classical: 4...d5} 11. Nf3 {LiveBook: 56 Games} Qh5 $146 ({Predecessor:} 11... Rd8 12. Be2 Qe4 13. Rc1 Qxc2 14. Rxc2 Ne4 15. Ne5 Bd7 16. Nxc6 Bxc6 17. Ba5 Rdc8 18. f3 {½-½ (54) Nakamura,H (2785)-Karjakin,S (2781) Stavanger 2017}) 12. Be2 Qg6 {White is slightly better.} 13. Qxg6 hxg6 14. Ne5 Nxe5 15. Bxe5 Bd7 16. O-O Rac8 17. Rfc1 a6 18. Kf1 Bb5 19. Bxb5 axb5 20. Bxf6 gxf6 $14 {[%mdl 4096] Endgame KRR-KRR} 21. Ke2 b4 22. b3 Kg7 23. Rab1 g5 24. h3 f5 25. Rc4 {The position is equal.} b5 26. Rxc8 Rxc8 27. Rd1 g4 28. Rd4 Rc2+ 29. Ke1 g3 30. fxg3 (30. Rd2 $5 {[%cal Rd2c2]} Rc1+ 31. Ke2 $11) 30... Rxg2 31. g4 {Precision: White = 44%, Black = 44%.} 1/2-1/2

[Event "XVII MetLife Najdorf Open 2017"]
[Site "Warsaw"]
[Date "2017.07.12"]
[Round "4.3"]
[White "Efimenko, Zahar"]
[Black "Puranik, Abhimanyu"]
[Result "1/2-1/2"]
[WhiteElo "2643"]
[BlackElo "2479"]
[Annotator "TA"]
[PlyCount "35"]
[EventDate "2017.??.??"]
[EventType "swiss"]
[EventCountry "POL"]
[SourceTitle "playchess.com"]
[Source "ChessBase"]
[SourceQuality "1"]

{[%evp 25,29,18,20,23,31,27]} 1. Nf3 Nf6 2. g3 g6 3. Bg2 Bg7 4. d4 d5 5. O-O O-O 6. c4 dxc4 7. Na3 c3 8. bxc3 c5 9. Re1 {D77: Fianchetto Grünfeld: 6 0-0: Replies other than 6...c6} Nc6 10. Bb2 Nd5 11. Rb1 cxd4 12. cxd4 {[%cal Bc3d4,Bd4d5][%mdl 32]} Nb6 13. e4 Bg4 {LiveBook: 3 Games} 14. d5 Bxb2 15. Rxb2 {[#]} {Predecessor:} Ne5 $146 16. Qb3 Bxf3 17. Bxf3 Nxf3+ 18. Qxf3 {1-0 (74) Giri,A (2776)-Grandelius,N (2573) Doha 2014} 1/2-1/2

[Event "XVII MetLife Najdorf Open 2017"]
[Site "Warsaw"]
[Date "2017.07.12"]
[Round "4.4"]
[White "Warakomski, Tomasz"]
[Black "Fridman, Daniel"]
[Result "1/2-1/2"]
[WhiteElo "2518"]
[BlackElo "2635"]
[Annotator "TA"]
[PlyCount "45"]
[EventDate "2017.??.??"]
[EventType "swiss"]
[EventCountry "POL"]
[SourceTitle "playchess.com"]
[Source "ChessBase"]
[SourceQuality "1"]

{[%evp 27,45,31,41,16,30,20,18,27,21,26,12,6,4,14,19,0,0,0,0,0]} 1. e4 e5 2. Nf3 Nf6 3. Nxe5 d6 4. Nf3 Nxe4 5. d4 d5 6. Bd3 Nc6 7. O-O Bg4 8. c4 Nf6 9. Nc3 Be7 10. cxd5 Nxd5 11. h3 Be6 12. Re1 O-O 13. a3 Re8 {C42: Petroff Defence: 3 Nxe5 and unusual White 3rd moves} 14. Qc2 h6 {LiveBook: 3 Games} 15. Bh7+ Kh8 16. Bf5 Bf6 17. Bxe6 Rxe6 18. Rxe6 fxe6 19. Qe4 {The position is equal.} Nxc3 20. bxc3 Qd5 {[#]} 21. Qxd5 $146 ({Predecessor:} 21. Qg6) 21... exd5 22. Bf4 Rc8 23. Rb1 1/2-1/2

[Event "XVII MetLife Najdorf Open 2017"]
[Site "Warsaw"]
[Date "2017.07.12"]
[Round "4.5"]
[White "Piorun, Kacper"]
[Black "Kanarek, Marcel"]
[Result "1-0"]
[WhiteElo "2637"]
[BlackElo "2509"]
[Annotator "TA"]
[PlyCount "83"]
[EventDate "2017.??.??"]
[EventType "swiss"]
[EventCountry "POL"]
[SourceTitle "playchess.com"]
[Source "ChessBase"]
[SourceQuality "1"]

{[%evp 13,83,25,35,23,50,37,56,52,48,39,56,19,83,87,97,98,99,79,78,81,122,114,130,137,111,122,112,112,102,122,139,103,114,126,108,102,118,109,327,262,320,318,297,269,609,373,377,361,371,320,329,330,328,325,328,316,374,368,351,321,299,300,328,326,315,307,308,302,320,320,416,412]} 1. c4 Nf6 2. g3 g6 3. Bg2 Bg7 4. Nc3 O-O 5. e4 e5 6. Nge2 Nc6 7. O-O a6 8. d3 {A16: English Opening: 1...Nf6 with ...d5} b5 9. cxb5 $146 ({Predecessor:} 9. Nd5 Nxd5 10. cxd5 Nd4 11. Nxd4 exd4 12. f4 Bb7 13. b3 Qe7 {½-½ (66) Sebe Vodislav,R (2346)-Kanep,M (2472) Istanbul 2004}) 9... axb5 10. Nxb5 {White is slightly better.} Ba6 11. Nec3 Qb8 12. Na3 Nb4 (12... Nd4 $11 {remains equal.}) 13. Nc4 $16 c6 14. a3 d5 {...Nxd3 is the strong threat.} 15. exd5 Nbxd5 16. Bd2 Nxc3 17. Bxc3 e4 18. Re1 {[%cal Bf1e1,Be1e4,Be4e8][%mdl 32]} Rd8 {[#] And now ...Bxc4 would win.} 19. Ne5 $1 {[%cal Re5c6]} Qb7 {[%cal Ra6d3]} 20. Bxe4 Nxe4 21. Rxe4 c5 {Threatening ...f6.} 22. Qe2 Qd5 23. Nc4 Bxc3 24. bxc3 Bb7 {[#]} 25. f3 $1 {Threatens to win with Nb6.} Qxd3 $2 {[#]} (25... Ra6 $16) 26. Re8+ $1 $18 {[%mdl 512]} Kg7 (26... Rxe8 27. Qxd3) 27. Qe5+ Kh6 28. Ne3 {[%cal Re3g4]} Bxf3 $2 (28... Bc8 29. Re1 Bh3 30. Rxd8 Qxd8) 29. Rxd8 Rxd8 30. Qf4+ Kg7 {Hoping for ...Re8.} 31. Qxf3 Re8 32. Re1 Kg8 33. c4 Qxa3 34. Kf2 Qc3 35. Rd1 Qb2+ 36. Qe2 ({Resist} 36. Kg1 Qa3 $18) 36... Qf6+ 37. Kg1 Qg5 38. Rd3 h5 39. Qf3 Qe5 40. Nf1 Re6 41. Qd5 Qe1 42. Rf3 {Precision: White = 92%, Black = 51%.} 1-0

[Event "XVII MetLife Najdorf Open 2017"]
[Site "Warsaw"]
[Date "2017.07.12"]
[Round "4.6"]
[White "Golubov, Saveliy"]
[Black "Edouard, Romain"]
[Result "1/2-1/2"]
[WhiteElo "2516"]
[BlackElo "2622"]
[Annotator "TA"]
[PlyCount "35"]
[EventDate "2017.??.??"]
[EventType "swiss"]
[EventCountry "POL"]
[SourceTitle "playchess.com"]
[Source "ChessBase"]
[SourceQuality "1"]

{[%evp 17,18,5,0]} 1. d4 d5 2. Nf3 Nf6 3. e3 g6 4. Bd3 Bg7 5. O-O O-O 6. b3 c5 7. Bb2 Nbd7 8. Nbd2 b6 9. c4 Bb7 {LiveBook: 3 Games} {Predecessor:} 10. Qe2 $146 Rc8 11. Rad1 cxd4 12. exd4 Nh5 13. Qe3 Rc7 14. Rfe1 Ndf6 15. h3 dxc4 16. bxc4 b5 17. g4 bxc4 18. Bxc4 {0-1 (39) Uribe Arteaga,D (2272)-Libiszewski,F (2505) Barbera del Valles 2012} 1/2-1/2

[Event "XVII MetLife Najdorf Open 2017"]
[Site "Warsaw"]
[Date "2017.07.12"]
[Round "4.7"]
[White "Dragun, Kamil"]
[Black "Debashis, Das"]
[Result "1/2-1/2"]
[WhiteElo "2621"]
[BlackElo "2505"]
[Annotator "TA"]
[PlyCount "78"]
[EventDate "2017.??.??"]
[EventType "swiss"]
[EventCountry "POL"]
[SourceTitle "playchess.com"]
[Source "ChessBase"]
[SourceQuality "1"]

{[%evp 19,78,28,39,20,32,19,49,10,121,127,126,143,177,8,10,0,0,0,0,2,75,-29,32,36,18,40,40,22,32,0,0,0,0,0,0,0,0,0,0,-33,-31,-28,-32,-33,-34,-33,-14,-22,0,0,0,-41,-34,-38,-36,-39,-37,-58,-61,-49,-19]} 1. e4 c5 2. Nf3 d6 3. d4 cxd4 4. Nxd4 Nf6 5. Nc3 a6 6. Bg5 e6 {[%cal Be7e6,Be6e5][%mdl 32]} 7. f4 Be7 8. Qf3 Qc7 9. O-O-O O-O 10. Qg3 {B98: Sicilian Najdorf: 6 Bg5 e6 7 f4 Be7, sidelines} (10. Bd3 Nc6 11. Nxc6 bxc6 12. e5 dxe5 13. Qh3 e4 14. Nxe4 Nxe4 15. Bxe4 g6 16. Bh6 Bf6 17. Bxf8 Qxf4+ 18. Kb1 Kxf8 {1-0 (54) Bjerre,J (2330)-Ahlander,B (2423) Koege 2017}) 10... Nbd7 {LiveBook: 9 Games} 11. Nf3 {White wants to play e5.} e5 $146 ({Predecessor:} 11... Kh8 12. e5 dxe5 13. fxe5 Ng8 14. Bd3 h6 15. Bxe7 Nxe7 16. Qh4 Nc5 17. g4 Nxd3+ 18. Rxd3 {1-0 (26) Tutisani,N (2318)-Babazada,K (1986) Poti 2016}) 12. Bd3 {White is slightly better.} b5 13. Rhf1 {next fxe5 is good for White.} b4 (13... h6 $11 14. Bxh6 Nh5) 14. Nd5 $16 Nxd5 15. exd5 e4 16. Bxe4 $2 (16. Bxe7 $18 exd3 17. Rxd3) 16... Nc5 $1 $11 {[%cal Rc5e4]} 17. Bxh7+ Kxh7 18. Qh4+ Kg8 {White must now prevent ...b3.} 19. Bxe7 Re8 {[#]} (19... b3 $1 $11 20. Bxf8 (20. axb3 {is a self mate.} Nxb3+ 21. Kb1 Qa5 22. Qh7+ Kxh7 23. Ng5+ Kh8 24. Nxf7+ Rxf7 25. cxb3 Bf5+ 26. Rd3 Bxd3+ 27. Kc1 Rxe7 28. h4 Re1+ 29. Rxe1 Qxe1#) 20... bxa2) 20. g4 ({White has to play} 20. Bf6 $1 $16 gxf6 21. Nd4) 20... Rxe7 ({Don't go for} 20... Qxe7 $2 21. Rfe1 $18) (20... Ne4 $11 21. Ng5 Nxg5 22. Bxg5 Re2) 21. Ng5 $14 {Qh7+ would kill now.} Re2 $1 22. Qh7+ Kf8 23. Rfe1 Bxg4 24. Rxe2 Bxe2 25. Rd2 Bg4 {[#] Hoping for ...b3.} 26. Qh8+ Ke7 27. Qxg7 b3 $1 {[%cal Rb3a2]} 28. Qxf7+ Kd8 29. Qf8+ Kd7 30. Qf7+ Kc8 31. Qxc7+ Kxc7 32. axb3 Re8 {( -> ...Re1+)} 33. Rg2 Re1+ 34. Kd2 Rd1+ 35. Kc3 (35. Ke3 $5 {[%cal Rg2g4]} Re1+ 36. Kd2 Rd1+ 37. Ke3 Re1+ 38. Kd2 $11) 35... Bf5 {Black is slightly better.} 36. b4 Ne4+ 37. Nxe4 Bxe4 38. Re2 Bf5 {[%mdl 1024] Black has compensation.} 39. h4 Rh1 {Precision: White = 36%, Black = 51%.} 1/2-1/2

[Event "XVII MetLife Najdorf Open 2017"]
[Site "Warsaw"]
[Date "2017.07.12"]
[Round "4.8"]
[White "Mista, Aleksander"]
[Black "Krzyzanowski, Marcin"]
[Result "1-0"]
[WhiteElo "2599"]
[BlackElo "2464"]
[Annotator "TA"]
[PlyCount "137"]
[EventDate "2017.??.??"]
[EventType "swiss"]
[EventCountry "POL"]
[SourceTitle "playchess.com"]
[Source "ChessBase"]
[SourceQuality "1"]

{[%evp 20,137,25,21,29,18,20,17,42,24,41,32,60,62,64,52,87,79,77,29,29,2,65,-54,-46,-44,-56,-46,-51,-33,6,12,21,0,7,0,0,0,0,0,0,0,81,0,0,0,0,0,83,83,83,83,93,83,83,85,199,174,175,140,209,216,229,228,230,222,303,258,347,347,339,334,333,333,315,304,309,308,406,420,536,521,621,626,617,615,5824,4955,1211,1133,1166,3650,1458,1165,6616,5545,2008,1879,599,579,12842,12842,12844,12845,12845,12845,12850,12850,12850,12851,12851,12851,12851,12851,12851,12851,12851,12851,12851,12851]} 1. e4 e5 2. Nf3 Nc6 3. Bb5 {[%cal Bf1b5,Bb5a4,Ba4b3,Bb3a2][%mdl 32]} a6 4. Ba4 Nf6 5. O-O Be7 6. Re1 b5 7. Bb3 O-O 8. a4 Bb7 9. d3 d6 10. Nbd2 {[%cal Bb1d2,Bd2f1,Bf1e3,Be3c2][%mdl 32]} Na5 11. Ba2 b4 {C88: Closed Ruy Lopez: Anti-Marshall Systems} 12. Nf1 c5 13. Bg5 Ne8 {The position is equal.} (13... Rb8 14. N3d2 Nd5 15. Bxe7 Nxe7 16. Ne3 Bc8 17. Qh5 Be6 18. Bxe6 fxe6 19. Nec4 Nxc4 20. Nxc4 {0-1 (33) Shirov,A (2679)-Gledura,B (2585) Germany 2017}) 14. Bd2 $146 ({Predecessor:} 14. Bxe7 Qxe7 15. Ne3 Nc7 16. Nd2 Bc8 17. Qh5 Be6 18. Ndc4 Nxc4 19. Bxc4 Kh8 20. c3 {1-0 (42) Ljubicic,F (2396)-Bosiocic,M (2384) Split 2006}) 14... Bc8 15. c3 Rb8 16. cxb4 cxb4 17. Ne3 Be6 18. Bxe6 fxe6 19. d4 Nf6 20. Nc2 Nc6 (20... d5 $11) 21. Bg5 ({White should play} 21. dxe5 $14 dxe5 22. Qe2) 21... b3 $15 22. Na3 Nxd4 23. Nxd4 exd4 24. Qxd4 Ng4 25. Bxe7 Qxe7 26. h3 Ne5 27. Rad1 Qg5 28. Kh1 Rbd8 29. Qb6 h6 30. Rf1 {Strongly threatening f4.} Rf4 (30... Rf3 $11 {remains equal.}) 31. Rxd6 (31. f3 $1 $16) 31... Rdf8 $1 $11 32. Rxe6 Kh7 33. Qc5 $1 Nd3 (33... Nf3 $1 $11 34. Rc1 Rh4 35. Qxg5 Nxg5) 34. Qxg5 $16 hxg5 35. f3 $1 ({And not} 35. Rxa6 Nxf2+ 36. Kh2 Ng4+ 37. hxg4 Rxf1 $17) 35... Nc5 36. Re5 Nxe4 37. Kh2 $36 {[%mdl 2048] Black must now prevent g3. Keeping Black busy.} g4 (37... Nd2 $16 38. Rf2 Rd8) 38. hxg4 $18 {Hoping for g3.} Nf6 {...Nxg4+! is the strong threat.} 39. Rd1 {Threatens to win with Ra5.} Rxa4 (39... Rxg4 $16 40. Ra5 Rh4+ 41. Kg3 Rh6) 40. g5 {[%cal Bg4g5,Bg5g6][%mdl 32]} Nh5 {[#]} 41. g4 $1 Nf4 {[#]} 42. Kg3 $1 Rb8 43. Nb1 Ng6 44. Re6 Nf8 {[#]} 45. g6+ $1 {[%mdl 512]} Kg8 (45... Nxg6 46. Rh1+) 46. Red6 Ra2 47. R1d2 Rc8 48. Na3 a5 49. f4 {[%cal Bf3f4,Bf4f5][%mdl 32]} a4 50. f5 {White is clearly winning.} Rb8 {intending ...Rxa3.} 51. Nc4 {And now Rd8 would win.} a3 52. Nxa3 Rxa3 53. bxa3 b2 54. Rxb2 Rxb2 {[%mdl 4096] Endgame KRN-KR} 55. a4 {[%cal Ba3a4,Ba4a5,Ba5a6][%mdl 32]} Rb7 56. a5 Nd7 57. a6 Rc7 58. g5 Kf8 59. f6 Ra7 60. Re6 gxf6 61. gxf6 Ra8 62. Re7 Nxf6 63. Rf7+ Kg8 64. Rxf6 Kg7 65. Rc6 Re8 66. Kf4 Re1 67. Kf5 Kh6 68. Re6 Ra1 69. Ke4 {Precision: White = 63%, Black = 38%.} 1-0

[Event "XVII MetLife Najdorf Open 2017"]
[Site "Warsaw"]
[Date "2017.07.12"]
[Round "4.9"]
[White "Zhigalko, Andrey"]
[Black "Gusain, Himal"]
[Result "1/2-1/2"]
[WhiteElo "2564"]
[BlackElo "2461"]
[Annotator "TA"]
[PlyCount "146"]
[EventDate "2017.??.??"]
[EventType "swiss"]
[EventCountry "POL"]
[SourceTitle "playchess.com"]
[Source "ChessBase"]
[SourceQuality "1"]

{[%evp 10,146,45,22,45,45,100,99,97,94,103,20,37,38,44,45,37,35,54,0,84,78,120,120,122,122,148,109,108,68,87,89,83,95,88,88,89,94,92,97,103,96,102,93,101,103,128,121,122,102,114,120,115,79,100,95,102,105,157,90,110,110,110,110,110,110,110,110,110,110,110,110,110,110,110,110,117,110,110,110,150,15,15,15,76,18,61,8,8,8,8,8,193,8,8,8,8,8,8,0,0,0,8,0,63,0,0,0,0,0,8,8,8,8,8,0,8,8,8,8,8,8,8,8,8,8,8,0,0,0,0,0,0,0,0,0,0,0,0]} 1. e4 c5 2. Nf3 e6 3. d4 cxd4 4. Nxd4 Nc6 5. Nc3 a6 6. Bf4 {LiveBook: 108 Games. B46: Sicilian: Taimanov: 5 Nc3 a6} (6. Be3 Nf6 7. Qf3 Bb4 8. Nxc6 dxc6 9. a3 Bxc3+ 10. bxc3 Qa5 11. Bd2 O-O 12. Bd3 e5 13. a4 Be6 14. c4 Qc7 {1-0 (42) Grischuk,A (2750)-Grachev,B (2658) Sochi 2017}) 6... Be7 7. e5 $146 ({Predecessor:} 7. Nxc6 dxc6 8. Qxd8+ Bxd8 9. O-O-O Ne7 10. Bd6 O-O 11. Ba3 Re8 12. Rxd8 {1-0 (12) Fernandez Garcia,J (2455)-De la Fuente Mayan,A (2185) Seville 1994}) 7... f6 (7... Qa5 $14) 8. Nxc6 $16 {White is better.} bxc6 9. Bd3 $1 g6 {[#]} 10. Qe2 (10. Qf3 $1 $16) 10... fxe5 $11 11. Bxe5 Nf6 12. O-O-O O-O 13. h4 $36 {[%mdl 2048] White is more active.} d6 14. Bg3 (14. Bd4 $14) 14... Qe8 (14... Nh5 $11) 15. Ne4 Nxe4 16. Bxe4 ({Much weaker is} 16. Qxe4 $6 e5 $11) 16... d5 17. Bd3 Qf7 18. f3 Bf6 19. Be5 a5 20. Rde1 Bxe5 21. Qxe5 Qf4+ 22. Qxf4 Rxf4 23. h5 gxh5 24. Rxh5 Ra7 25. Reh1 {[%cal Rd3h7]} Rff7 26. Rg5+ Kf8 27. Kd2 Rae7 28. Rhh5 Bd7 29. Ke3 c5 30. b3 a4 31. g3 axb3 32. axb3 ({But not} 32. cxb3 $6 Bc6 $11) 32... Be8 33. Kf2 Rc7 (33... Bc6 $142) 34. f4 (34. Rh6 $142) 34... c4 35. bxc4 dxc4 36. Be4 Bc6 37. Bxc6 Rxc6 $16 {[%mdl 4096] Endgame KRR-KRR} 38. Rc5 Rcc7 39. Ke3 Rg7 40. Rxc7 Rxc7 {KR-KR} 41. Kd4 Kg7 42. Rc5 Rd7+ 43. Ke3 Kf6 44. Rxc4 h5 45. Rd4 (45. Rc5 $16) 45... Rg7 $11 46. Kf3 Ra7 (46... Rc7 $11) 47. Kg2 (47. Re4 $16) 47... Ra3 48. Rc4 (48. c4 $14) 48... e5 $1 49. fxe5+ Kxe5 50. Kh3 Ra5 $2 {[#]} (50... Re3 $11 {and Black has nothing to worry.}) 51. Kh4 $2 (51. Rc6 $1 $18) 51... Kf6 52. Rc6+ Kg7 53. c4 {c5 is the strong threat.} Re5 54. Kh3 Re2 55. Kh4 Re5 56. c5 ({Better is} 56. Rd6 $11) 56... Rd5 $14 57. Kh3 (57. Rc8 $1 $14 Kg6 58. g4) 57... Rd2 $11 {The position is equal.} 58. Rd6 Rc2 59. c6 Kf7 60. Kh4 Rc5 61. Rd7+ (61. c7 $5) 61... Kg6 62. Rd6+ (62. Rc7 $5 {[%cal Rc7c8]} Rc1 63. Kh3 $14) 62... Kf7 63. Rh6 Kg7 64. Re6 Kf7 65. Rd6 Kg7 66. Kh3 Rc2 67. Rd7+ Kg6 68. c7 (68. Rc7 $5 {[%cal Rc7c8]} Kf5 69. Rc8 $14) 68... Kf6 69. Rh7 Kg6 70. Re7 Kf6 71. Rd7 Kg6 72. g4 hxg4+ 73. Kxg4 Kf6 {Precision: White = 51%, Black = 63%.} 1/2-1/2